1413 1294 1028 1146 1479 1127 1666 1340 1422 1370 1296 1435 1935 1556 1188 1606 1838 1706 1587 1168 1117 1804 1701 1862 1155 1711 1142 1236 1921 1219 1957 1709 1725 1662 1267 1377 1126 1167 1323 1952 1261 1930 1808 1481 1958 1837 1525 1709 1962 1561 1200 1613 1118 1154 1809 1920 1768 1473 1014 1304 1654 1886 1687 1428 1965 1877 1927 1492 1269 1486 1753 1147 1254 1095 1575 1240 1541 1407 1721 1876 1824 1851 1241 1795 1991 1588 1686 1263 1356 1207 1759 1159 1573 1527 1401 1979 1155 1976 1173 BCNSPRNW ULIB Ver.6.0+V

เปลี่ยนเป็นภาษาไทย

Change to English
 แสดงรายละเอียดบรรณานุกรม
  กลับหน้าหลัก

Brief Record : Get Marc (ISO 2709) : E-mail record : QR code < ปิดหน้าต่าง
LEADER : 00000nam 2200000uu 4500
001    13399121375
003     ULIB
008    121116s2550||||th 000 0 tha d
020    ^a9789747035841
050  4 ^aK7885^bช587ก
100 0  ^aชีวธันย์ ญาณากรสกุล
245 00 ^aก๊อบปี้ ตัดต่อ แปลงไฟล์ CD/DVD /^cชีวธันย์ ญาณากรสกุล
260    ^aกรุงเทพฯ :^bอี เอ็กซ์พี มีเดียว,^c2550
300    ^a271 หน้า :^bภาพประกอบ
650  7 ^aCD^xการตัดต่อ
650  7 ^aDVD^xการตัดต่อ
945    ^p139^l0^i15081
995    ^aวิภา
999 ^a ทศพร
รายการนี้ยังไม่มีแท็ก
คุณยังไม่ได้ล็อกอิน คุณสามารถมีกิจกรรมร่วมกับเว็บไซต์ได้ แต่ต้องล็อกอินก่อน ::
  ล็อกอิน

รายการสื่อสารสนเทศ

ลำดับที่ ประเภท เลขเรียก/บาร์โค้ด สถานที่ สถานะ
1. การศึกษาทั่วไป
การศึกษาทั่วไป
K7885 ช587ก  
  Barcode: 15081
ห้องสมุดวิทยาเขตสวรรค์ประชารักษ์
►หนังสือทั่วไป
บนชั้น

รายการใกล้เคียง
    ผู้แต่ง [ชีวธันย์ ญาณากรสกุล]

BibComment


ยังไม่เคยถูกคอมเมนท์

คอมเมนท์ทรัพยากรรายการนี้
  คอมเมนท์: ก๊อบปี้ ตัดต่อ แ..


 Copyright 2026. Bcnsprnw @Library